| 000 | 00534nam a2200205Ia 4500 | ||
|---|---|---|---|
| 005 | 20250923145152.0 | ||
| 008 | 008 250917s9999 xx 000 0 eng d | ||
| 037 | _aTextual | ||
| 040 |
_aDSWL _beng _cDSWL |
||
| 041 |
_aeng _2eng |
||
| 084 | _qDSWL | ||
| 100 |
_aHsu, F.L.K. _9832465 |
||
| 245 | 0 |
_aClan, Caste, and club _cby F.L.K. Hsu |
|
| 260 |
_aNew York _b Van Nostrand Reinhold Co. _c1963 |
||
| 300 | _axvi,600p. | ||
| 365 |
_aUSD _b4.75 |
||
| 925 | _g4.75 | ||
| 942 | _cTEXL | ||
| 999 |
_c1447988 _d1447988 |
||